| 000 | 00610nam a2200193 a 4500 | ||
|---|---|---|---|
| 001 | 3552 | ||
| 003 | CDMR | ||
| 005 | 20260515062531.0 | ||
| 008 | 130130s1973||||||||||||||||||||||||||||d | ||
| 020 | _a842510114X | ||
| 040 |
_aCDMR _bcat _cCDMR |
||
| 100 | 1 |
_aBenito, Ángel _9631 |
|
| 245 | 1 | 0 |
_aTeoría general de la información _b: I. Introducción : la información, su ciencia y su enseñanza _cÁngel Benito |
| 260 |
_aMadrid _c1973 _bGuadiana |
||
| 490 | 0 | _aBiblioteca Universitaria Guadiana | |
| 650 | 0 | 4 |
_94289 _aComunicació _xAspectes socials |
| 650 | 0 | 4 |
_9637 _aComunicació _xEnsenyament |
| 942 |
_cMON _2udc |
||
| 999 |
_c3552 _d3552 |
||